Ewige Tabelle der höchsten Fussball-Liga der Schweiz - Statistiken

Allgemein
  • Dieses Quiz wurde 538 mal gespielt
    103 seit der letzten Aktualisierung
  • Das Durchschnittsergebnis liegt bei 22 aus 42
Antwortstatistiken
Pl. Saisons Punkte Verein % Korrekt
2 83 4179 FC Basel
100%
5 81 3688 FC Zürich
99%
3 87 4165 BSC Young Boys
95%
1 89 4486 Grasshopper Club Zürich
95%
9 63 2476 FC St. Gallen
94%
8 66 2503 FC Luzern
93%
7 65 2551 FC Lugano
92%
4 81 3780 Servette FC Genève
89%
6 79 3360 FC Lausanne-Sport
87%
10 57 2455 FC Sion
87%
20 20 622 FC Winterthur
86%
13 32 1141 FC Aarau
80%
18 18 816 FC Thun
79%
11 49 2020 Neuchâtel Xamax
79%
32 2 70 FC Wil
70%
16 33 1005 AC Bellinzona
68%
30 7 170 FC Schaffhausen
62%
28 6 193 Yverdon-Sport FC
62%
31 5 155 FC Vaduz
61%
14 35 1059 FC Biel-Bienne
60%
22 12 362 FC Bern
59%
38 1 29 FC Stade Lausanne-Ouchy
55%
41 1 9 FC Baden
44%
21 12 377 FC Locarno
44%
12 44 1536 FC La Chaux-de-Fonds
41%
39 1 18 SC Zug
41%
26 9 218 FC Fribourg
39%
36 2 38 SC Kriens
36%
35 3 50 Etoile-Carouge FC
34%
19 24 734 FC Chiasso
28%
37 2 37 SR Delémont
26%
29 7 191 Vevey-Sports
24%
33 2 57 FC Concordia Basel
22%
15 32 1047 FC Grenchen
18%
24 10 288 FC Wettingen
18%
34 3 57 FC Bulle
15%
23 13 358 FC Nordstern Basel
11%
27 8 211 Urania Genève Sport
11%
17 29 849 Young Fellows Zürich
11%
40 1 14 Blue Stars Zürich
9%
42 1 8 FC Moutier
8%
25 8 255 CS Chênois
5%
Keine übereinstimmenden Quizze gefunden
Verteilung der Resultate
Anzahl Personen mit jedem Resultat
Perzentil nach korrekt beantworteten Fragen
Ihre Resultats-Entwicklung
Sie haben dieses Quiz seit der letzten Aktualisierung nicht gespielt